| 000 | 01360cam a22004214i 4500 | ||
|---|---|---|---|
| 003 | PE-LiUPU | ||
| 005 | 20250731184546.0 | ||
| 008 | 150625s r 000 0 d | ||
| 035 | _a(Sirsi) a31576 | ||
| 040 |
_aPE-LiUPU _bspa _cPE-LiUPU _erda |
||
| 082 | 0 | 4 |
_a932.01 _bB82 _221 |
| 100 | 1 |
_aBreasted, James Henry, _eautor. |
|
| 245 | 1 | 0 |
_aAncient records of egypt. _n1 / _cJames Henry Breasted. |
| 264 | 1 |
_aUrbana : _bUniversity of Illinois Press, _c2001. |
|
| 300 |
_a5 volumes : _cillustraciones ; _c23 centímetros. |
||
| 336 |
_atext _2rdacontent |
||
| 337 |
_aunmediated _2rdamedia |
||
| 338 |
_avolume _2rdacarrier |
||
| 526 | _aP136 | ||
| 526 | _aP135 | ||
| 526 | _aP134 | ||
| 526 | _aP133 | ||
| 526 | _aP144 | ||
| 526 | _aP143 | ||
| 526 | _aP87 | ||
| 526 | _aP35 | ||
| 526 | _aP20 | ||
| 526 | _aP14 | ||
| 526 | _aP10 | ||
| 526 | _aP06 | ||
| 651 | 4 |
_aEgipto _xHistoria _yHasta el 332 a.C. _xFuentes. |
|
| 910 | _a | ||
| 942 |
_2ddc _cBOOK |
||
| 949 |
_a932.01 B82 1 _wDEWEY _c1 _i38028 _lCCODEBUL1 _mBUL _p00.00 _r0 _sY _tBOOK _u2015-06-25 _xBIBLIOTECA _zUNKNOWN _0COMPRA _o.STAFF. Colección General |
||
| 596 | _a1 | ||
| 999 |
_a932.01 B82 1 _wDEWEY _c39140 _i38028 _f2021-11-11 _g5 _lCCODEBUL1 _mBUL _r0 _sY _tBOOK _u2015-6-25 _xTEOLOGIA _zUNKNOWN _0COMPRA _o.STAFF. Colección General _d39140 |
||
| 980 |
_81 _gALBERTO SANCHEZ Responsable de Automatización |
||